Victoria Memorial Hall Calcutta : Conception Collection Conservation (Record no. 10690)
[ view plain ]
| 000 -LEADER | |
|---|---|
| fixed length control field | 00415nam a2200145Ia 4500 |
| 008 - FIXED-LENGTH DATA ELEMENTS--GENERAL INFORMATION | |
| fixed length control field | 220803s9999 xx 000 0 und d |
| 041 ## - LANGUAGE CODE | |
| Language code of text/sound track or separate title | eng |
| 082 ## - DEWEY DECIMAL CLASSIFICATION NUMBER | |
| Classification number | 722 VAU |
| 100 ## - MAIN ENTRY--PERSONAL NAME | |
| Personal name | Vaughan P Ed. |
| 9 (RLIN) | 13957 |
| 245 ## - TITLE STATEMENT | |
| Title | Victoria Memorial Hall Calcutta : Conception Collection Conservation |
| 260 ## - PUBLICATION, DISTRIBUTION, ETC. (IMPRINT) | |
| Place of publication, distribution, etc. | Mumbai |
| Name of publisher, distributor, etc. | Marg Publication |
| Date of publication, distribution, etc. | 1997 |
| 300 ## - PHYSICAL DESCRIPTION | |
| Extent | 91p |
| 500 ## - GENERAL NOTE | |
| Keywords | Architecture |
| 650 ## - SUBJECT ADDED ENTRY--TOPICAL TERM | |
| Topical term or geographic name as entry element | Architectural History |
| 9 (RLIN) | 13958 |
| Withdrawn status | Lost status | Damaged status | Not for loan | Collection code | Home library | Current library | Shelving location | Date acquired | Vendor | Cost, normal purchase price | Full call number | Barcode | Date last seen | Cost, replacement price | Bill Date | Koha item type | Original Barcode |
|---|---|---|---|---|---|---|---|---|---|---|---|---|---|---|---|---|---|
| Book of B Arch | Dr. Bhanuben Nanavati College of Architecture | Dr. Bhanuben Nanavati College of Architecture | 26/07/1999 | Pradip Book Depot | 1572.00 | 722 VAU | BNCA-BK-2674 | 03/08/2022 | 1850.00 | 31/03/1999 | Reference book | B002674 |